| 000 | 00000nas 2200000za 4500 |
| 001 | 9.813466 |
| 003 | CaOODSP |
| 005 | 20241122132702 |
| 007 | cr ||||||||||| |
| 008 | 160321c20149999qucar p o f0 b0fre|d |
| 040 | |aCaOODSP|bfre |
| 043 | |an-cn--- |
| 086 | 1 |aCW71-8F-PDF |
| 110 | 2 |aPlan nord-américain de gestion de la sauvagine. |
| 245 | 10|aHabitats canadiens |h[ressource électronique] : |brapport annuel du PNAGS ... |
| 260 | |a[Gatineau, Québec : |bEnvironnement Canada], |c2014- |
| 310 | |aAnnuel |
| 362 | 1 |aParaît depuis 2014. |
| 500 | |aPubl. aussi en anglais sous le titre : Habitat matters, ... Canadian NAWMP report. |
| 550 | |aPubl. 2014-2015 par le Bureau de coordination du CNACTH/PNAGS et Secrétariat des terres humides, Bureau des terres humides, Service canadien de la faune, Environnement Canada; 2016- par Secrétariat du PNAGS (Canada), Service canadien de la faune, Environnement et Changement Climatique Canada. |
| 691 | 07|aConservation de l'environnement|2gcpds |
| 691 | 07|aOiseau aquatique|2gcpds |
| 710 | 1 |aCanada. |bEnvironnement Canada. |
| 710 | 1 |aCanada. |bEnvironnement et changement climatique Canada. |
| 710 | 2 |aConseil nord-américain de conservation des terres humides (Canada) |
| 775 | 08|tHabitat matters |w(CaOODSP)9.813464 |
| 780 | 00|tÀ propos des habitats canadiens - rapport annuel / |w(CaOODSP)9.504174 |